Elementary differential equations and boundary value problems / (Record no. 200130905)
[ view plain ]
| 000 -LEADER | |
|---|---|
| fixed length control field | 01524 a2200337 4500 |
| 001 - CONTROL NUMBER | |
| control field | 200130905 |
| 003 - CONTROL NUMBER IDENTIFIER | |
| control field | TR-AnTOB |
| 005 - DATE AND TIME OF LATEST TRANSACTION | |
| control field | 20240214115243.0 |
| 008 - FIXED-LENGTH DATA ELEMENTS--GENERAL INFORMATION | |
| fixed length control field | 131210r20102013nju 001 0 |
| 020 ## - INTERNATIONAL STANDARD BOOK NUMBER | |
| International Standard Book Number | 9781118323618 |
| 040 ## - CATALOGING SOURCE | |
| Original cataloging agency | DLC |
| Transcribing agency | DLC |
| Modifying agency | TR-AnTOB |
| Language of cataloging | eng |
| Description conventions | rda |
| 041 ## - LANGUAGE CODE | |
| Language code of text/sound track or separate title | İngilizce |
| 050 00 - LIBRARY OF CONGRESS CALL NUMBER | |
| Classification number | QA371 |
| Item number | .B693 2013 |
| 090 ## - LOCALLY ASSIGNED LC-TYPE CALL NUMBER (OCLC); LOCAL CALL NUMBER (RLIN) | |
| Classification number (OCLC) (R) ; Classification number, CALL (RLIN) (NR) | RES QA371 .B693 2013 |
| 100 1# - MAIN ENTRY--PERSONAL NAME | |
| Personal name | Boyce, William E. |
| 9 (RLIN) | 20572 |
| 245 10 - TITLE STATEMENT | |
| Title | Elementary differential equations and boundary value problems / |
| Statement of responsibility, etc. | William E. Boyce,Richard C. DiPrima. |
| 250 ## - EDITION STATEMENT | |
| Edition statement | Tenth edition. |
| 264 #1 - PRODUCTION, PUBLICATION, DISTRIBUTION, MANUFACTURE, AND COPYRIGHT NOTICE | |
| Place of production, publication, distribution, manufacture | Hoboken, NJ : |
| Name of producer, publisher, distributor, manufacturer | Wiley, |
| Date of production, publication, distribution, manufacture, or copyright notice | 2013 |
| 300 ## - PHYSICAL DESCRIPTION | |
| Extent | xix, 809 pages ; |
| Other physical details | illustrations ; |
| Dimensions | 27 cm |
| 336 ## - CONTENT TYPE | |
| Source | rdacontent |
| Content type term | text |
| Content type code | txt |
| 337 ## - MEDIA TYPE | |
| Source | rdamedia |
| Media type term | unmediated |
| Media type code | n |
| 338 ## - CARRIER TYPE | |
| Source | rdacarrier |
| Carrier type term | volume |
| Carrier type code | nc |
| 505 ## - FORMATTED CONTENTS NOTE | |
| Formatted contents note | I.Introduction -- II.First order differential equations -- III.Second order equations -- III.Second order linear equations -- IV.Higher order linear equations -- V.Series solutions of second order linear equations -- VI.The laplace transform -- VII.Systems of first order linear equations -- VIII.Numerical methods -- IX.Nonlinear differential equations and stability -- X.Partial differential equations and fourier series -- XI.Boundary value problems and sturm-liouville theory. |
| 650 #0 - SUBJECT ADDED ENTRY--TOPICAL TERM | |
| Topical term or geographic name entry element | Differential equations |
| 9 (RLIN) | 222 |
| Topical term or geographic name entry element | Boundary value problems |
| 9 (RLIN) | 1009 |
| Topical term or geographic name entry element | Sınır değer problemleri |
| 9 (RLIN) | 21813 |
| Topical term or geographic name entry element | Diferansiyel denklemler |
| 9 (RLIN) | 127642 |
| 700 1# - ADDED ENTRY--PERSONAL NAME | |
| Personal name | DiPrima, Richard C. |
| 9 (RLIN) | 20573 |
| 942 ## - ADDED ENTRY ELEMENTS (KOHA) | |
| Koha item type | Book |
| Source of classification or shelving scheme | Library of Congress Classification |
| Withdrawn status | Lost status | Source of classification or shelving scheme | Not for loan | Collection code | Home library | Current library | Shelving location | Date acquired | Source of acquisition | Cost, normal purchase price | Inventory number | Total Checkouts | Total Holds | Full call number | Barcode | Date last seen | Date last checked out | Copy number | Cost, replacement price | Date shelved | Koha item type | Total Renewals |
|---|---|---|---|---|---|---|---|---|---|---|---|---|---|---|---|---|---|---|---|---|---|---|
| Library of Congress Classification | Ödünç Verilebilir / Available | Genel Koleksiyon | Merkez Kütüphane | Merkez Kütüphane | Genel Koleksiyon / Main Collection | 27/11/2013 | Satın Alma / Purchase | 69.70 | MAT | 11 | 1 | QA371 .B693 2013 | 0043371 | 08/11/2024 | 19/10/2024 | 1 | 0.00 | 13/11/2013 | Book | |||
| Library of Congress Classification | Ödünç Verilebilir / Available | Genel Koleksiyon | Merkez Kütüphane | Merkez Kütüphane | Genel Koleksiyon / Main Collection | 27/11/2013 | Satın Alma / Purchase | 69.70 | MAT | 3 | 1 | QA371 .B693 2013 c.2 | 0043370 | 23/03/2026 | 02/03/2026 | 2 | 0.00 | 13/11/2013 | Book | |||
| Library of Congress Classification | Ödünç Verilebilir / Available | Genel Koleksiyon | Merkez Kütüphane | Merkez Kütüphane | Genel Koleksiyon / Main Collection | 27/11/2013 | Satın Alma / Purchase | 69.70 | MAT | 7 | 1 | QA371 .B693 2013 c.3 | 0043369 | 26/02/2026 | 22/02/2026 | 3 | 0.00 | 13/11/2013 | Book | 4 |
